Intended for pleasure / (Record no. 7149)
[ view plain ]
| 000 -LEADER | |
|---|---|
| fixed length control field | 01615cam a2200361 a 4500 |
| 001 - CONTROL NUMBER | |
| control field | 7573199 |
| 003 - CONTROL NUMBER IDENTIFIER | |
| control field | OCoLC |
| 005 - DATE AND TIME OF LATEST TRANSACTION | |
| control field | 20190122205537.0 |
| 008 - FIXED-LENGTH DATA ELEMENTS--GENERAL INFORMATION | |
| fixed length control field | 810528t19811981njua b 001 0 eng |
| 020 ## - INTERNATIONAL STANDARD BOOK NUMBER | |
| International Standard Book Number | 0800712536 |
| 020 ## - INTERNATIONAL STANDARD BOOK NUMBER | |
| International Standard Book Number | 9780800712532 |
| 035 ## - SYSTEM CONTROL NUMBER | |
| System control number | (OCoLC)7573199 |
| 040 ## - CATALOGING SOURCE | |
| Original cataloging agency | DLC |
| Language of cataloging | eng |
| Transcribing agency | DLC |
| Modifying agency | BAKER |
| -- | BTCTA |
| -- | OKR |
| -- | UWC |
| -- | YDXCP |
| -- | OCLCF |
| -- | CFT |
| -- | OCLCQ |
| -- | PB4 |
| -- | UtOrBLW |
| 050 00 - LIBRARY OF CONGRESS CALL NUMBER | |
| Classification number | HQ734 |
| Item number | .W52 1981 |
| 082 00 - DEWEY DECIMAL CLASSIFICATION NUMBER | |
| Classification number | 306.8 |
| Edition number | 19 |
| Item number | W556i |
| 100 1# - MAIN ENTRY--PERSONAL NAME | |
| Personal name | Wheat, Ed |
| 245 10 - TITLE STATEMENT | |
| Title | Intended for pleasure / |
| Statement of responsibility, etc. | Ed Wheat and Gaye Wheat |
| 250 ## - EDITION STATEMENT | |
| Edition statement | Revised edition |
| 264 #1 - PRODUCTION, PUBLICATION, DISTRIBUTION, MANUFACTURE, AND COPYRIGHT NOTICE | |
| Place of production, publication, distribution, manufacture | Old Tappan, N.J. : |
| Name of producer, publisher, distributor, manufacturer | F.H. Revell Co., |
| Date of production, publication, distribution, manufacture, or copyright notice | [1981] |
| 264 #4 - PRODUCTION, PUBLICATION, DISTRIBUTION, MANUFACTURE, AND COPYRIGHT NOTICE | |
| Date of production, publication, distribution, manufacture, or copyright notice | ©1981 |
| 300 ## - PHYSICAL DESCRIPTION | |
| Extent | 256 pages : |
| Other physical details | illustrations ; |
| Dimensions | 24 cm |
| 336 ## - CONTENT TYPE | |
| Content type term | text |
| Content type code | txt |
| Source | rdacontent |
| 337 ## - MEDIA TYPE | |
| Media type term | unmediated |
| Media type code | n |
| Source | rdamedia |
| 338 ## - CARRIER TYPE | |
| Carrier type term | volume |
| Carrier type code | nc |
| Source | rdacarrier |
| 504 ## - BIBLIOGRAPHY, ETC. NOTE | |
| Bibliography, etc. note | Includes bibliographical references (pages 245-247) and index |
| 505 0# - FORMATTED CONTENTS NOTE | |
| Formatted contents note | Intended for pleasure -- Finding God's design -- What if I'm not in love? How do I fall in love? -- Understanding the basics -- One flesh: the techniques of lovemaking -- Solutions to common problems -- For the preorgasmic wife: fulfillment ahead -- For the impotent husband: fulfillment again -- The power of sexual intimacy -- The "perfect" wife (by Gaye Wheat) -- Planning and achieving parenthood -- Sex during pregnancy -- Sex after 60 ... 70 ... 80 ... -- All love, all liking, all delight -- Your marriage: a private little kingdom |
| 650 #0 - SUBJECT ADDED ENTRY--TOPICAL TERM | |
| Topical term or geographic name entry element | Marriage |
| 650 #0 - SUBJECT ADDED ENTRY--TOPICAL TERM | |
| Topical term or geographic name entry element | Sex instruction |
| 650 #0 - SUBJECT ADDED ENTRY--TOPICAL TERM | |
| Topical term or geographic name entry element | Sex in marriage |
| 650 #0 - SUBJECT ADDED ENTRY--TOPICAL TERM | |
| Topical term or geographic name entry element | Families |
| General subdivision | Biblical teaching |
| 700 1# - ADDED ENTRY--PERSONAL NAME | |
| Personal name | Wheat, Gaye |
| 942 ## - ADDED ENTRY ELEMENTS (KOHA) | |
| Source of classification or shelving scheme | Dewey Decimal Classification |
| Koha item type | Books |
| Withdrawn status | Lost status | Source of classification or shelving scheme | Damaged status | Not for loan | Collection code | Home library | Current library | Shelving location | Date acquired | Cost, normal purchase price | Total Checkouts | Full call number | Barcode | Date last seen | Price effective from | Koha item type | Date last checked out |
|---|---|---|---|---|---|---|---|---|---|---|---|---|---|---|---|---|---|
| Dewey Decimal Classification | Non-fiction | Harvest Mission College | Harvest Mission College | General Stacks | 22.01.2019 | 250.00 | 306.8 W556i | 008109 | 22.01.2019 | 22.01.2019 | Books | ||||||
| Dewey Decimal Classification | Harvest Mission College | Harvest Mission College | 30.11.2022 | 1 | 306.8 W556i | 012940 | 14.04.2025 | 30.11.2022 | Books | 05.04.2025 |
